Guía metodológica para la implementación del "Programa de tratamiento del consumo problemático de alcohol o drogas para personas que cumplen condena en el sistema cerrado de Gendarmería de Chile.
Đã lưu trong:
| Tác giả của công ty: | |
|---|---|
| Định dạng: | Sách |
| Ngôn ngữ: | Tiếng Anh |
| Được phát hành: |
Santiago, Chile:
SENDA; Gendarmería de Chile,
2015
|
| Phiên bản: | Segunda edición actualizada. |
| Những chủ đề: | |
| Các nhãn: |
Thêm thẻ
Không có thẻ, Là người đầu tiên thẻ bản ghi này!
|
MARC
| LEADER | 00000nam a22000007a 4500 | ||
|---|---|---|---|
| 003 | CL-VaPUC | ||
| 005 | 20220607114847.0 | ||
| 008 | 220525b2015 ||||| |||| 00| 0 eng d | ||
| 999 | |c 435727 |d 435725 | ||
| 040 | |c Pontificia Universidad Católica de Valparaíso | ||
| 082 | 7 | |a 362.29 SEN 2015 |2 22 | |
| 110 | |a Servicio Nacional para la Prevención y Rehabilitación del Consumo de Drogas y Alcohol (SENDA) |9 869745 | ||
| 245 | |a Guía metodológica para la implementación del "Programa de tratamiento del consumo problemático de alcohol o drogas para personas que cumplen condena en el sistema cerrado de Gendarmería de Chile. | ||
| 250 | |a Segunda edición actualizada. | ||
| 260 | |a Santiago, Chile: |b SENDA; |b Gendarmería de Chile, |c 2015 | ||
| 300 | |a 4 volúmenes | ||
| 500 | |a v.1-4. Comodato - SENDA | ||
| 505 | |a v.1 Marco de Referencia y Fase de Adaptación. v.2 Fase de Tratamiento por Ejes. v.3 Fase de preparación para el Egreso. v.4 Anexos y Referencias Bibliográficas. | ||
| 583 | |c 20220525 |k Cristina María Rojas Aguilar | ||
| 650 | |a Consumo de drogas |x Tratamiento |x Reos |z Chile |9 869867 | ||
| 650 | |a Consumo de alcohol |x Tratamiento |x Reos |z Chile |9 869868 | ||
| 942 | |2 ddc |c BK | ||
| 952 | |0 0 |1 0 |2 ddc |4 0 |6 362_290000000000000_SEN_2015 |7 0 |8 C_SENDA |9 583280 |a BIBEDU |b BIBEDU |c ES_NOD |d 2022-05-25 |h v.1 |i 5651383 |o 362.29 SEN 2015 |p 5651383 |r 2023-08-09 |t 1 |w 2022-05-25 |x 07372005101 |y BK |k BME | ||
| 952 | |0 0 |1 0 |2 ddc |4 0 |6 362_290000000000000_SEN_2015 |7 0 |8 C_SENDA |9 583281 |a BIBEDU |b BIBEDU |c ES_NOD |d 2022-05-25 |h v.2 |i 5651384 |o 362.29 SEN 2015 |p 5651384 |r 2023-08-09 |t 1 |w 2022-05-25 |x 07372005101 |y BK |k BME | ||
| 952 | |0 0 |1 0 |2 ddc |4 0 |6 362_290000000000000_SEN_2015 |7 0 |8 C_SENDA |9 583282 |a BIBEDU |b BIBEDU |c ES_NOD |d 2022-05-25 |h v.3 |i 5651385 |o 362.29 SEN 2015 |p 5651385 |r 2023-08-09 |t 1 |w 2022-05-25 |x 07372005101 |y BK |k BME | ||
| 952 | |0 0 |1 0 |2 ddc |4 0 |6 362_290000000000000_SEN_2015 |7 0 |8 C_SENDA |9 583283 |a BIBEDU |b BIBEDU |c ES_NOD |d 2022-05-25 |h v.4 |i 5651386 |o 362.29 SEN 2015 |p 5651386 |r 2023-08-09 |t 1 |w 2022-05-25 |x 07372005101 |y BK |k BME | ||